[Event "I Festival Terra degli Elimi"]
[Site "Erice ITA"]
[Date "2010.07.28"]
[Round "1"]
[White "Bifulco, Michel"]
[Black "Agnello, Francesco Claudio"]
[Result "1-0"]
[WhiteElo "1952"]
[BlackElo "1470"]
[PlyCount "53"]
[EventDate "2010.07.28"]

1. d4 d5 2. c4 c6 3. Nf3 Nf6 4. Nc3 Bf5 5. Bg5 Nbd7 6. e3 e6 7. cxd5 cxd5 8.
Bxf6 Nxf6 9. Bb5+ Nd7 10. Ne5 f6 11. Nxd7 Ke7 12. Nc5 a6 13. Bd3 Bxd3 14. Nxd3
Kf7 15. O-O Bd6 16. Rc1 Re8 17. h3 Kg8 18. Nf4 Bc7 19. Qc2 Qd6 20. Ncxd5 Bb8
21. Nc7 Rc8 22. Nfxe6 a5 23. Qb3 Kh8 24. Qxb7 Bxc7 25. Rxc7 Qxe6 26. Rxg7 Qf5
27. g4 1-0

[Event "I Festival Terra degli Elimi"]
[Site "Erice ITA"]
[Date "2010.07.28"]
[Round "1"]
[White "Di Via, Saverio"]
[Black "Gromovs, Sergejs"]
[Result "1/2-1/2"]
[WhiteElo "1740"]
[BlackElo "2365"]
[PlyCount "83"]
[EventDate "2010.07.28"]

1. c3 d5 2. d4 Bf5 3. Bf4 e6 4. Nf3 Bd6 5. Bg3 Nf6 6. Nbd2 O-O 7. e3 h6 8. Ne5
c5 9. dxc5 Bxc5 10. Bd3 Ne4 11. Qc2 Nxg3 12. hxg3 Bxd3 13. Qxd3 Nc6 14. Ndf3
Nxe5 15. Nxe5 Bd6 16. Nf3 Rc8 17. g4 Be7 18. Ne5 Bf6 19. Rh5 g6 20. Nxg6 fxg6
21. Qxg6+ Bg7 22. Qxe6+ Rf7 23. Rxd5 Qe8 24. Qg6 Qe7 25. Rad1 Qh4 26. Rf5 Re7
27. Rd7 Rxe3+ 28. Kd2 Re7 29. Rf7 Rxd7+ 30. Rxd7 Qxf2+ 31. Kc1 Qf4+ 32. Kb1
Qf1+ 33. Kc2 Qe2+ 34. Kb1 Qf1+ 35. Kc2 Qe2+ 36. Kb1 Qe1+ 37. Kc2 Qe2+ 38. Kb1
Qe1+ 39. Kc2 Qe2+ 40. Kb1 Qf1+ 41. Kc2 Qe2+ 42. Kb1 1/2-1/2

[Event "I Festival Terra degli Elimi"]
[Site "Erice ITA"]
[Date "2010.07.28"]
[Round "1"]
[White "Ferrante, Filippo"]
[Black "La Bella, Roberto"]
[Result "0-1"]
[WhiteElo "1619"]
[BlackElo "2098"]
[PlyCount "102"]
[EventDate "2010.07.28"]

1. Nf3 Nf6 2. c4 e6 3. Nc3 d5 4. e3 c6 5. b3 Nbd7 6. Be2 e5 7. d3 Bb4 8. Bd2
O-O 9. O-O Qe7 10. Ne1 d4 11. exd4 exd4 12. Nb1 Bd6 13. Nf3 Re8 14. Re1 c5 15.
Bg5 h6 16. Bf1 Ne5 17. Nxe5 hxg5 18. Nf3 Qc7 19. Rxe8+ Nxe8 20. Nxg5 Bxh2+ 21.
Kh1 Bf4 22. Qh5 Nf6 23. Qh4 Bc1 24. a4 Bxg5 25. Qxg5 Ng4 26. Qh4 Qf4 27. Kg1
Qc1 28. Qd8+ Kh7 29. Qh4+ Nh6 30. Qe4+ Bf5 31. Qe2 Qf4 32. Nd2 Ng4 33. g3 Qh6
34. Nf3 Nf6 35. Re1 Bg4 36. Bg2 Qh5 37. Qd1 Kg8 38. Re5 Bxf3 39. Rxh5 Bxd1 40.
Rxc5 Rd8 41. Rc7 Rd7 42. Rxd7 Nxd7 43. Bxb7 Bxb3 44. Bc6 Nc5 45. Bb5 Nxd3 46.
Kf1 Nc5 47. Ke1 d3 48. Kd2 Bc2 49. a5 Ne4+ 50. Kc1 Bb3 51. c5 d2+ 0-1

[Event "I Festival Terra degli Elimi"]
[Site "Erice ITA"]
[Date "2010.07.28"]
[Round "1"]
[White "Ferro, Ferruccio"]
[Black "Bocci, Alessandro"]
[Result "0-1"]
[WhiteElo "1522"]
[BlackElo "1961"]
[PlyCount "68"]
[EventDate "2010.07.28"]

1. e4 c5 2. Nf3 Nc6 3. d4 cxd4 4. Nxd4 Qc7 5. Nf3 e6 6. a3 Nf6 7. Nc3 a6 8. Bd3
Be7 9. O-O O-O 10. Qe2 d6 11. h3 Bd7 12. Bf4 b5 13. b4 Rac8 14. Rad1 Nxb4 15.
Nxb5 Bxb5 16. Bxb5 axb5 17. axb4 e5 18. Bg5 Qxc2 19. Qxb5 Qxe4 20. Rfe1 Qf5 21.
Bxf6 Qxf6 22. Rb1 Rc2 23. Re2 Rfc8 24. Rxc2 Rxc2 25. Qe8+ Bf8 26. b5 e4 27.
Qxe4 Rc3 28. b6 d5 29. Qxd5 Qg6 30. Rb3 Rc1+ 31. Kh2 Bd6+ 32. Ne5 Qf6 33. Qa8+
Bf8 34. Nf3 Qd6+ 0-1

[Event "I Festival Terra degli Elimi"]
[Site "Erice ITA"]
[Date "2010.07.28"]
[Round "1"]
[White "Fontana, Giulio"]
[Black "Messina, Damiano"]
[Result "0-1"]
[WhiteElo "1602"]
[BlackElo "2001"]
[PlyCount "138"]
[EventDate "2010.07.28"]

1. e4 c5 2. d4 cxd4 3. c3 dxc3 4. Nxc3 d6 5. Bc4 g6 6. Nf3 Bg7 7. Qb3 e6 8. O-O
Nc6 9. Rd1 Na5 10. Bb5+ Bd7 11. Bxd7+ Qxd7 12. Qa3 Nc4 13. Qb4 Rc8 14. Nb5 a5
15. Nxd6+ Nxd6 16. Qxd6 Qxd6 17. Rxd6 Nf6 18. e5 Nd5 19. Bd2 Ke7 20. Re1 f6 21.
Nd4 fxe5 22. Rxe6+ Kd7 23. R1xe5 Bxe5 24. Rxe5 Kd6 25. Re6+ Kd7 26. Re5 Kd6 27.
Re6+ Kc5 28. Nb3+ Kc4 29. Re4+ Kb5 30. Re5 Rhd8 31. Nxa5 Ka6 32. Nb3 Rc2 33. h3
Rxb2 34. Bg5 Rd6 35. Nc5+ Ka7 36. Ne4 Rb1+ 37. Kh2 Re1 38. f3 b6 39. Be7 Rd7
40. Bh4 Re2 41. Bf2 Rxa2 42. Re6 Rc2 43. Kg3 Ka6 44. Nc5+ Rxc5 45. Bxc5 Ka5 46.
Bf2 b5 47. Re8 Ka4 48. Re4+ b4 49. Be1 Ka3 50. Bxb4+ Nxb4 51. Re3+ Kb2 52. Kg4
Kc2 53. Kg5 Nd5 54. Re8 Kd3 55. f4 Rf7 56. g3 Rf5+ 57. Kh4 Nf6 58. Re5 g5+ 59.
fxg5 Rxe5 60. gxf6 Rf5 61. g4 Rxf6 62. g5 Rg6 63. Kg4 h6 64. h4 Ke4 65. Kh5 Kf5
66. gxh6 Rg8 67. h7 Rh8 68. Kh6 Kf6 69. h5 Kf7 0-1

[Event "I Festival Terra degli Elimi"]
[Site "Erice ITA"]
[Date "2010.07.28"]
[Round "1"]
[White "Gangemi, Salvatore"]
[Black "Milletari', Ruggero"]
[Result "1-0"]
[WhiteElo "2091"]
[BlackElo "1605"]
[PlyCount "71"]
[EventDate "2010.07.28"]

1. c4 e5 2. Nc3 Nf6 3. g3 c6 4. d4 exd4 5. Qxd4 c5 6. Qe5+ Qe7 7. Qf5 Nc6 8.
Bg5 Nd4 9. Qd3 Qe6 10. Bg2 Be7 11. e3 Qf5 12. Qxf5 Nxf5 13. Nb5 O-O 14. Rd1 g6
15. e4 Nd4 16. Nxd4 cxd4 17. Rxd4 Re8 18. Kd1 Ng4 19. Bxe7 Nxf2+ 20. Ke1 Nxh1
21. Bd6 Nxg3 22. hxg3 b6 23. e5 Ba6 24. Bxa8 Rxa8 25. Nf3 Rc8 26. b3 b5 27. c5
Bb7 28. Ng5 Re8 29. Ne4 Bxe4 30. Rxe4 f5 31. Rb4 a6 32. a4 bxa4 33. Rxa4 Ra8
34. b4 Kf7 35. b5 a5 36. b6 1-0

[Event "I Festival Terra degli Elimi"]
[Site "Erice ITA"]
[Date "2010.07.28"]
[Round "1"]
[White "Lissandrello, Luca"]
[Black "Profumo, Alberto"]
[Result "0-1"]
[WhiteElo "1655"]
[BlackElo "2261"]
[PlyCount "66"]
[EventDate "2010.07.28"]

1. e4 c6 2. d4 d5 3. Nc3 dxe4 4. Nxe4 Bf5 5. Ng3 Bg6 6. h4 h6 7. h5 Bh7 8. Bd3
Bxd3 9. Qxd3 Nf6 10. Nf3 e6 11. c4 Bb4+ 12. Bd2 a5 13. Bc3 Nbd7 14. Rd1 O-O 15.
O-O Qc7 16. Rfe1 Rfd8 17. Qe2 Qf4 18. Ne5 Nxe5 19. dxe5 Ng4 20. Rxd8+ Rxd8 21.
Qf3 Qg5 22. Re4 Bxc3 23. Rxg4 Qc1+ 24. Kh2 Bxe5 25. Kh3 Bxg3 26. Kxg3 Qxb2 27.
Qf4 Kh7 28. Qxf7 Qf6 29. Qxb7 Rd3+ 30. f3 Qe5+ 31. Kh3 Rd1 32. g3 Qxh5+ 33. Rh4
Qxf3 0-1

[Event "I Festival Terra degli Elimi"]
[Site "Erice ITA"]
[Date "2010.07.28"]
[Round "1"]
[White "Ljubisavljevic, Zivojin Z."]
[Black "Piazza, Dario"]
[Result "1-0"]
[WhiteElo "2271"]
[BlackElo "1662"]
[PlyCount "121"]
[EventDate "2010.07.28"]

1. d4 Nf6 2. c4 e6 3. Nf3 Nc6 4. g3 Be7 5. Bg2 O-O 6. O-O d5 7. b3 b6 8. Bg5 h6
9. Bxf6 Bxf6 10. cxd5 exd5 11. Nc3 Ne7 12. Rc1 Be6 13. e4 dxe4 14. Nxe4 Nd5 15.
Nxf6+ Qxf6 16. Ne5 Qd8 17. Qh5 Nf6 18. Qh4 Bd5 19. Nc6 Qd6 20. Rfe1 Bxg2 21.
Kxg2 a5 22. Re5 Rfe8 23. Qf4 Kh7 24. Qf3 Qd7 25. Rf5 Rf8 26. Ne5 Qe7 27. h4 Kg8
28. g4 Nh7 29. Rh1 Rae8 30. g5 g6 31. Nc6 Qd7 32. Re5 Rxe5 33. Nxe5 Qxd4 34.
Nc6 Qg7 35. Qf4 hxg5 36. hxg5 f6 37. Qc4+ Kh8 38. Nd4 Qf7 39. Ne6 Re8 40. Nxc7
Qxc4 41. bxc4 Rc8 42. Nd5 fxg5 43. Nxb6 Rc6 44. Rb1 Nf8 45. Kf3 Rf6+ 46. Ke3
Re6+ 47. Kd3 Rf6 48. Rb2 Ne6 49. Nd5 Rf7 50. Rb6 Nf8 51. Rf6 Kg7 52. Rxf7+ Kxf7
53. c5 Ke6 54. Kd4 Kd7 55. Kc4 Ne6 56. Kb5 Nf4 57. Nf6+ Kc7 58. a4 Nd3 59. Nd5+
Kb8 60. Kb6 Nf4 61. Ne7 1-0

[Event "I Festival Terra degli Elimi"]
[Site "Erice ITA"]
[Date "2010.07.28"]
[Round "1"]
[White "Lo Pinto, Giovanni"]
[Black "Piazza, Francesco"]
[Result "1-0"]
[WhiteElo "1929"]
[BlackElo "1392"]
[PlyCount "45"]
[EventDate "2010.07.28"]

1. e4 e5 2. Nf3 Nc6 3. d4 exd4 4. Nxd4 Nxd4 5. Qxd4 c5 6. Qd1 Ne7 7. Nc3 Qa5 8.
Bc4 Ng6 9. O-O Be7 10. f4 O-O 11. Nd5 Re8 12. Bd2 Qd8 13. Bc3 d6 14. Qh5 Bf8
15. e5 Be6 16. f5 Bxd5 17. Bxd5 Qh4 18. Bxf7+ Kh8 19. Bxg6 Qxh5 20. Bxh5 Rxe5
21. Bxe5 dxe5 22. Rad1 Be7 23. Rfe1 1-0

[Event "I Festival Terra degli Elimi"]
[Site "Erice ITA"]
[Date "2010.07.28"]
[Round "1"]
[White "Mancuso, Fabrizio"]
[Black "Castelli, Giovanni J."]
[Result "0-1"]
[WhiteElo "1335"]
[BlackElo "1792"]
[PlyCount "54"]
[EventDate "2010.07.28"]

1. e4 Nf6 2. Nc3 d5 3. exd5 Nxd5 4. Nf3 c6 5. d4 g6 6. Nxd5 Qxd5 7. Be3 Bg7 8.
g3 Bg4 9. Bg2 O-O 10. O-O Qh5 11. Re1 Nd7 12. Bf4 Rfe8 13. Re3 Nf6 14. c4 Rad8
15. Re5 Bxf3 16. Bxf3 Qh3 17. g4 Rxd4 18. Qxd4 Qxf3 19. Rxe7 Qxg4+ 20. Kf1 Rxe7
21. Qd8+ Re8 22. Qd6 Qe2+ 23. Kg2 Ne4 24. Qd7 Qxf2+ 25. Kh3 Qf3+ 26. Bg3 Nf2+
27. Kh4 Bf6# 0-1

[Event "I Festival Terra degli Elimi"]
[Site "Erice ITA"]
[Date "2010.07.28"]
[Round "1"]
[White "Marholev, Dimitar"]
[Black "Nobile, Stefano"]
[Result "1-0"]
[WhiteElo "2428"]
[BlackElo "1740"]
[PlyCount "93"]
[EventDate "2010.07.28"]

1. e4 e5 2. Nf3 Nf6 3. Nc3 Bb4 4. Nxe5 d6 5. Nd3 Bxc3 6. dxc3 Nxe4 7. Be2 Nc6
8. O-O O-O 9. Bf3 Bf5 10. Re1 Re8 11. Bf4 Qf6 12. Qc1 h6 13. Bg3 Nxg3 14. hxg3
Bxd3 15. cxd3 Ne5 16. Be2 Qf5 17. Qf4 Qd7 18. d4 Ng6 19. Qf3 b6 20. a4 c6 21.
Red1 Re7 22. Bd3 Rae8 23. Qh5 Qe6 24. d5 cxd5 25. Bb5 Rc8 26. Qxd5 Rc5 27. Qxd6
Qxd6 28. Rxd6 Rce5 29. Kf1 R5e6 30. Rxe6 Rxe6 31. Rd1 Ne5 32. Rd8+ Kh7 33. f4
Ng4 34. Be2 Ne3+ 35. Kf2 Kg6 36. g4 f5 37. gxf5+ Kxf5 38. Kf3 Kf6 39. Rf8+ Ke7
40. Ra8 Nxg2 41. Rxa7+ Kf6 42. Bc4 Ne1+ 43. Kf2 Rc6 44. Be2 Nc2 45. Ra6 Ke6 46.
a5 Kd6 47. axb6 1-0

[Event "I Festival Terra degli Elimi"]
[Site "Erice ITA"]
[Date "2010.07.28"]
[Round "1"]
[White "Monaco, Alessandro"]
[Black "Savalla, Gianluca"]
[Result "1-0"]
[WhiteElo "1802"]
[BlackElo "1362"]
[PlyCount "51"]
[EventDate "2010.07.28"]

1. e4 e5 2. Nc3 Nf6 3. Bc4 Be7 4. d3 d6 5. h3 Nc6 6. Nge2 O-O 7. O-O Be6 8. Nd5
a6 9. a4 Rb8 10. f4 exf4 11. Nexf4 b5 12. Nxf6+ Bxf6 13. Bxe6 Bd4+ 14. Kh1 fxe6
15. Nxe6 Rxf1+ 16. Qxf1 Qf6 17. Qxf6 Bxf6 18. Nxc7 Nb4 19. Bd2 Nxc2 20. Rc1 Rc8
21. Rxc2 bxa4 22. Ba5 Bd8 23. Rc3 h6 24. Ne6 Rxc3 25. Bxc3 Bb6 26. Nxg7 1-0

[Event "I Festival Terra degli Elimi"]
[Site "Erice ITA"]
[Date "2010.07.28"]
[Round "1"]
[White "Nocera, Alice"]
[Black "Lo Piccolo, Antonino"]
[Result "0-1"]
[WhiteElo "1389"]
[BlackElo "1879"]
[PlyCount "72"]
[EventDate "2010.07.28"]

1. d4 d5 2. Nc3 Nf6 3. Bd2 Bf5 4. e3 e6 5. Bd3 Bxd3 6. cxd3 c5 7. Rc1 cxd4 8.
Qa4+ Nc6 9. Nb5 dxe3 10. fxe3 Qb6 11. d4 Be7 12. Nf3 O-O 13. b4 a6 14. Ne5 axb5
15. Qb3 Nxe5 16. dxe5 Ne4 17. Rc2 Rfc8 18. Bc1 Rxc2 19. Qxc2 Bxb4+ 20. Kf1 Nc3
21. Qb3 Nxa2 22. Kf2 Nxc1 23. Qxb4 Nd3+ 24. Kf3 Nxb4 25. Rc1 d4 26. exd4 Qxd4
27. Re1 Qf4+ 28. Kxf4 Nd3+ 29. Kg3 Nxe1 30. h4 b4 31. Kf2 b3 32. Kxe1 b2 33.
Ke2 Ra3 34. g3 b1=Q 35. Kf2 Qb2+ 36. Ke1 Ra1# 0-1

[Event "I Festival Terra degli Elimi"]
[Site "Erice ITA"]
[Date "2010.07.28"]
[Round "1"]
[White "Palazzotto, Roberto"]
[Black "Ardizzone, Luigi"]
[Result "1-0"]
[WhiteElo "1973"]
[BlackElo "1562"]
[PlyCount "89"]
[EventDate "2010.07.28"]

1. e4 c5 2. Nf3 Nc6 3. d4 cxd4 4. Nxd4 g6 5. Nc3 Bg7 6. Be3 d6 7. Qd2 Ne5 8. f3
Be6 9. Nxe6 fxe6 10. f4 Ng4 11. Bb5+ Kf8 12. O-O-O Nxe3 13. Qxe3 a6 14. Bc4 Qc8
15. Bb3 Nf6 16. e5 Ng4 17. Qg3 Nh6 18. Qh3 d5 19. g4 Nf7 20. Rhf1 b5 21. f5
Bxe5 22. fxe6 Bxc3 23. Rxf7+ Ke8 24. Qxc3 Qxc3 25. bxc3 Rc8 26. Rxd5 Rc7 27. c4
Rb7 28. cxb5 axb5 29. c4 Rb6 30. cxb5 Rxe6 31. Rd8+ Kxd8 32. Bxe6 Kc7 33. Bd5
Kb6 34. a4 Rc8+ 35. Bc6 Rc7 36. Rxh7 Ra7 37. Rg7 Rxa4 38. Rxg6 e5 39. h4 Rf4
40. h5 e4 41. Bxe4+ Kxb5 42. Bd3+ Kc5 43. h6 Rf8 44. h7 Kd4 45. Rg8 1-0

[Event "I Festival Terra degli Elimi"]
[Site "Erice ITA"]
[Date "2010.07.28"]
[Round "1"]
[White "Savalla, Pietro"]
[Black "Morello, Guido"]
[Result "1/2-1/2"]
[WhiteElo "1583"]
[BlackElo "1973"]
[PlyCount "61"]
[EventDate "2010.07.28"]

1. e4 c5 2. Nf3 Nc6 3. d4 cxd4 4. Nxd4 e5 5. Nb5 d6 6. N1c3 a6 7. Na3 b5 8. Nd5
Nge7 9. c4 Nxd5 10. exd5 Nd4 11. cxb5 Be7 12. Bc4 O-O 13. O-O Bg5 14. bxa6 f5
15. Nc2 Nxc2 16. Qxc2 f4 17. Qe2 f3 18. Qd3 fxg2 19. Kxg2 Bf4 20. Qe2 Bxc1 21.
Raxc1 Qh4 22. Rc3 Bg4 23. Qe1 Rf4 24. h3 Bh5 25. b3 Raf8 26. Rg3 Bf3+ 27. Kh2
Bg4 28. Kg2 Bf3+ 29. Kh2 Bg4 30. Kg2 Bf3+ 31. Kh2 1/2-1/2

[Event "I Festival Terra degli Elimi"]
[Site "Erice ITA"]
[Date "2010.07.28"]
[Round "1"]
[White "Valguarnera, Girolamo"]
[Black "Condorelli, Roberto"]
[Result "1-0"]
[WhiteElo "2179"]
[BlackElo "1653"]
[PlyCount "97"]
[EventDate "2010.07.28"]

1. e4 c6 2. d4 d5 3. Nc3 dxe4 4. Nxe4 Nd7 5. Ng5 Ngf6 6. Bc4 e6 7. N1f3 h6 8.
Nxe6 fxe6 9. Qd3 Qa5+ 10. Kd1 Qf5 11. Re1 Qxd3+ 12. Bxd3 Kf7 13. Bf4 Nd5 14.
Bg3 Be7 15. a3 Re8 16. c4 N5f6 17. Kc2 Nh5 18. Bc7 Bd8 19. Bd6 Be7 20. Be5 Bf6
21. g4 Nxe5 22. dxe5 Nf4 23. exf6 Nxd3 24. Kxd3 gxf6 25. Kc3 e5 26. h3 Be6 27.
Rad1 Rad8 28. Nh4 c5 29. Rg1 Rd4 30. Rxd4 cxd4+ 31. Kd3 Rc8 32. Rc1 Bd7 33. b4
a6 34. Rg1 Be6 35. c5 Rg8 36. Rc1 Rc8 37. Nf5 Bxf5+ 38. gxf5 b6 39. cxb6 Rxc1
40. b7 Rc3+ 41. Kd2 Rxh3 42. b8=Q Rxa3 43. Ke1 Ra1+ 44. Ke2 Ra2+ 45. Kf3 Ra3+
46. Ke4 Rh3 47. Qb7+ Ke8 48. Kd5 d3 49. Ke6 1-0

[Event "I Festival Terra degli Elimi"]
[Site "Erice ITA"]
[Date "2010.07.29"]
[Round "2"]
[White "Agnello, Francesco Claudio"]
[Black "Lissandrello, Luca"]
[Result "1-0"]
[WhiteElo "1470"]
[BlackElo "1655"]
[PlyCount "49"]
[EventDate "2010.07.28"]

1. d4 d5 2. e3 Nf6 3. Bd3 g6 4. f4 Bg7 5. Nf3 Bg4 6. O-O Ne4 7. Nbd2 f5 8. Qe1
e6 9. Ne5 Nd7 10. Nxg4 fxg4 11. Nxe4 dxe4 12. Bxe4 c6 13. Bd2 Qb6 14. Rb1 Nf6
15. Bd3 O-O-O 16. Ba5 g3 17. Bxb6 gxh2+ 18. Kh1 axb6 19. b4 Ng4 20. Qg3 h5 21.
Bxg6 Rh6 22. Bxh5 Nxe3 23. Qxe3 Rxh5 24. Qxe6+ Kc7 25. Qf7+ 1-0

[Event "I Festival Terra degli Elimi"]
[Site "Erice ITA"]
[Date "2010.07.29"]
[Round "2"]
[White "Ardizzone, Luigi"]
[Black "Nobile, Stefano"]
[Result "0-1"]
[WhiteElo "1562"]
[BlackElo "1740"]
[PlyCount "86"]
[EventDate "2010.07.28"]

1. c4 Nf6 2. Nc3 e6 3. g3 Bb4 4. Bg2 O-O 5. Nf3 Nc6 6. d3 b6 7. Bd2 Bb7 8. O-O
d6 9. a3 Bxc3 10. Bxc3 a5 11. b4 axb4 12. axb4 e5 13. Ng5 h6 14. b5 Rxa1 15.
Qxa1 Na5 16. Nf3 Nb3 17. Qa3 Nc5 18. d4 exd4 19. Bxd4 Nce4 20. Qb2 Qd7 21. Nh4
d5 22. f3 Nd6 23. Bxf6 Nxc4 24. Qd4 gxf6 25. Qxf6 Qd6 26. Qd4 Qe5 27. Qg4+ Kh7
28. Nf5 Bc8 29. Qh4 Bxf5 30. e4 dxe4 31. Re1 Qc5+ 32. Kh1 e3 33. Qf4 Re8 34.
Bf1 Nd2 35. Be2 Qe5 36. Qh4 Qd5 37. Qf4 Bg6 38. Rd1 Bh5 39. g4 Bg6 40. h3 Kg7
41. Kg2 Bd3 42. Rc1 Bxe2 43. Rxc7 Qxf3+ 0-1

[Event "I Festival Terra degli Elimi"]
[Site "Erice ITA"]
[Date "2010.07.29"]
[Round "2"]
[White "Bocci, Alessandro"]
[Black "Marholev, Dimitar"]
[Result "1/2-1/2"]
[WhiteElo "1961"]
[BlackElo "2428"]
[PlyCount "42"]
[EventDate "2010.07.28"]

1. d4 Nf6 2. c4 c5 3. d5 e6 4. Nc3 exd5 5. cxd5 Bd6 6. e4 Be5 7. Bd3 O-O 8.
Nge2 d6 9. f3 a6 10. a4 Nbd7 11. Be3 Rb8 12. O-O Qc7 13. f4 Bxc3 14. Nxc3 c4
15. Bc2 b5 16. axb5 axb5 17. Ra7 Qd8 18. Qf3 Re8 19. Bf2 b4 20. Ne2 Rb7 21.
Rfa1 Qc7 1/2-1/2

[Event "I Festival Terra degli Elimi"]
[Site "Erice ITA"]
[Date "2010.07.29"]
[Round "2"]
[White "Castelli, Giovanni J."]
[Black "Gangemi, Salvatore"]
[Result "0-1"]
[WhiteElo "1792"]
[BlackElo "2091"]
[PlyCount "56"]
[EventDate "2010.07.28"]

1. e4 d5 2. exd5 Nf6 3. Bb5+ c6 4. dxc6 Nxc6 5. Nc3 Qb6 6. Nge2 a6 7. Ba4 Bg4
8. d3 e5 9. Be3 Qc7 10. O-O b5 11. Bb3 Nd4 12. f3 Nxb3 13. axb3 Bd7 14. d4 b4
15. Ne4 Nd5 16. Bf2 Be7 17. dxe5 Qxe5 18. Bg3 Qh5 19. Qd4 O-O 20. Ra5 Bb5 21.
c4 bxc3 22. bxc3 Bd8 23. Ra2 Bb6 24. Nc5 Nxc3 25. Qxc3 Bxc5+ 26. Kh1 Rac8 27.
Nf4 Qf5 28. Rc1 Ba3 0-1

[Event "I Festival Terra degli Elimi"]
[Site "Erice ITA"]
[Date "2010.08.03"]
[Round "2"]
[White "Gromovs, Sergejs"]
[Black "Savalla, Pietro"]
[Result "1-0"]
[WhiteElo "2365"]
[BlackElo "1583"]
[PlyCount "59"]
[EventDate "2010.07.28"]

1. d4 Nf6 2. Nf3 c5 3. d5 e6 4. c4 exd5 5. cxd5 d6 6. Nc3 g6 7. e4 Bg7 8. Bg5
O-O 9. Nd2 Re8 10. Be2 Na6 11. O-O Nc7 12. a4 b6 13. f4 Qd7 14. h3 Na6 15. Bb5
Qe7 16. e5 dxe5 17. d6 Qe6 18. Bxf6 Bxf6 19. Bxe8 Qxe8 20. Nd5 Bd8 21. Ne4 Kg7
22. Qf3 Be6 23. Rad1 Qc6 24. Ne7 Bxe7 25. dxe7 Re8 26. Nf6 Qxa4 27. Qa3 Qb5 28.
Qxa6 Qxa6 29. Nxe8+ Kg8 30. Nc7 1-0

[Event "I Festival Terra degli Elimi"]
[Site "Erice ITA"]
[Date "2010.07.29"]
[Round "2"]
[White "Lo Cascio, Marco"]
[Black "Mancuso, Fabrizio"]
[Result "1-0"]
[WhiteElo "1593"]
[BlackElo "1335"]
[PlyCount "71"]
[EventDate "2010.07.28"]

1. e4 e5 2. Nf3 Nf6 3. Nxe5 d6 4. Nf3 Nxe4 5. Nc3 Nxc3 6. dxc3 Be7 7. Bf4 Nc6
8. Qd2 Bf5 9. O-O-O O-O 10. h4 Bf6 11. h5 h6 12. Bd3 Bxd3 13. cxd3 Re8 14. Rh3
Kh7 15. g4 Ne5 16. Rg1 Nxf3 17. Rxf3 Re6 18. Be3 Re5 19. Rh3 Bg5 20. f4 Rxe3
21. Qxe3 Bf6 22. g5 hxg5 23. fxg5 Be5 24. Qe4+ Kg8 25. d4 Qd7 26. Rhh1 Re8 27.
dxe5 Rxe5 28. Qd3 Qe7 29. Qd2 Re2 30. Re1 Rxe1+ 31. Rxe1 Qd7 32. Qe3 Kf8 33. g6
fxg6 34. hxg6 a6 35. Rf1+ Kg8 36. Qf4 1-0

[Event "I Festival Terra degli Elimi"]
[Site "Erice ITA"]
[Date "2010.07.29"]
[Round "2"]
[White "Lo Piccolo, Antonino"]
[Black "Valguarnera, Girolamo"]
[Result "0-1"]
[WhiteElo "1879"]
[BlackElo "2179"]
[PlyCount "72"]
[EventDate "2010.07.28"]

1. e4 c6 2. d4 d5 3. e5 Bf5 4. Nf3 Qb6 5. Bd3 Bxd3 6. Qxd3 Qa6 7. Qxa6 Nxa6 8.
O-O e6 9. a3 h5 10. Bg5 Nh6 11. Nbd2 Nf5 12. c3 c5 13. Rfe1 Be7 14. Bxe7 Kxe7
15. Nf1 Rac8 16. Ne3 g6 17. Nxf5+ gxf5 18. h4 Rhg8 19. Rad1 Rg4 20. g3 f4 21.
Nh2 Rg7 22. Nf1 fxg3 23. fxg3 Rg4 24. Re2 cxd4 25. Rxd4 Rc4 26. Rxg4 Rxg4 27.
Kg2 Nc5 28. Nd2 Nd3 29. Kf3 Nxb2 30. Nb3 Na4 31. Na5 Nxc3 32. Rc2 Nb5 33. Rb2
Nd4+ 34. Kf2 b6 35. Nb7 Nf5 36. Rc2 Kd7 0-1

[Event "I Festival Terra degli Elimi"]
[Site "Erice ITA"]
[Date "2010.07.29"]
[Round "2"]
[White "Messina, Damiano"]
[Black "Lo Pinto, Giovanni"]
[Result "1/2-1/2"]
[WhiteElo "2001"]
[BlackElo "1929"]
[PlyCount "54"]
[EventDate "2010.07.28"]

1. e4 e6 2. d4 d5 3. Nd2 Be7 4. Bd3 dxe4 5. Nxe4 Nf6 6. Nf3 Nbd7 7. Qe2 Nxe4 8.
Bxe4 c6 9. c3 Nf6 10. Bc2 Qb6 11. O-O Bd7 12. a4 c5 13. Re1 Bc6 14. Ne5 cxd4
15. Nxf7 O-O 16. Ng5 dxc3 17. Qxe6+ Kh8 18. Be3 Bc5 19. a5 Qb4 20. bxc3 Qxc3
21. Bb3 Bxe3 22. fxe3 Rae8 23. Nf7+ Rxf7 24. Qxf7 Qd2 25. e4 Qd4+ 26. Kh1 Bxe4
27. Rad1 Bxg2+ 1/2-1/2

[Event "I Festival Terra degli Elimi"]
[Site "Erice ITA"]
[Date "2010.07.29"]
[Round "2"]
[White "Milletari', Ruggero"]
[Black "Nocera, Alice"]
[Result "1-0"]
[WhiteElo "1605"]
[BlackElo "1389"]
[PlyCount "57"]
[EventDate "2010.07.28"]

1. d4 d5 2. c4 e5 3. dxe5 Ne7 4. e4 f5 5. exd5 Ng6 6. f4 Bb4+ 7. Bd2 Bxd2+ 8.
Qxd2 Qh4+ 9. g3 Qg4 10. Be2 Qxe2+ 11. Nxe2 Na6 12. Nbc3 Nc5 13. b4 Ne4 14. Nxe4
fxe4 15. Nc3 Bf5 16. O-O O-O-O 17. Rfe1 Ne7 18. Nxe4 Bxe4 19. Rxe4 Rhf8 20. Rd1
Nf5 21. c5 g5 22. fxg5 Rf7 23. Rf4 a5 24. Qd3 Re8 25. Rxf5 Rxf5 26. Qxf5+ Kd8
27. c6 bxc6 28. dxc6+ Ke7 29. Rd7# 1-0

[Event "I Festival Terra degli Elimi"]
[Site "Erice ITA"]
[Date "2010.07.29"]
[Round "2"]
[White "Monaco, Alessandro"]
[Black "Bertino, Giacomo"]
[Result "0-1"]
[WhiteElo "1802"]
[BlackElo "1988"]
[PlyCount "74"]
[EventDate "2010.07.28"]

1. e4 e6 2. d3 c5 3. Nc3 d5 4. exd5 exd5 5. g3 Nf6 6. Bg5 Be7 7. Bxf6 Bxf6 8.
Qe2+ Be6 9. Bg2 O-O 10. Nf3 Re8 11. O-O Nc6 12. Qd2 Qb6 13. Rab1 Rad8 14. Ng5
Nd4 15. Nxe6 fxe6 16. Rfe1 h6 17. Ne2 Bg5 18. f4 Bf6 19. c3 Nf5 20. Kh1 d4 21.
c4 Ne3 22. b4 Nxg2 23. Kxg2 Qc6+ 24. Kf2 e5 25. fxe5 Rxe5 26. Nf4 Re3 27. Nd5
Rf8 28. Kg1 Bg5 29. Qg2 Ref3 30. Rf1 Rxd3 31. Rxf8+ Kxf8 32. Rf1+ Kg8 33. Qe4
Re3 34. Qf5 Re6 35. Qf7+ Kh7 36. Qf5+ Rg6 37. Ne7 Bxe7 0-1

[Event "I Festival Terra degli Elimi"]
[Site "Erice ITA"]
[Date "2010.07.29"]
[Round "2"]
[White "Morello, Guido"]
[Black "Di Via, Saverio"]
[Result "1/2-1/2"]
[WhiteElo "1973"]
[BlackElo "1740"]
[PlyCount "128"]
[EventDate "2010.07.28"]

1. e4 Nf6 2. e5 Nd5 3. d4 d6 4. Bc4 Nb6 5. Bb3 g6 6. Nf3 Nc6 7. Qe2 Bg7 8. h4
dxe5 9. dxe5 Nd4 10. Nxd4 Qxd4 11. f4 Bf5 12. Nc3 Qd7 13. Be3 Bg4 14. Qf2 O-O-O
15. a4 Qc6 16. Bxb6 Qxb6 17. Qxb6 cxb6 18. O-O e6 19. Ne4 Rd7 20. a5 bxa5 21.
Rxa5 b6 22. Ra4 Rhd8 23. c3 h5 24. Nd6+ Kb8 25. Rfa1 Bf8 26. Bc2 Bf5 27. Bxf5
gxf5 28. Kh2 f6 29. Nb5 fxe5 30. fxe5 Bg7 31. Re1 Rd5 32. Nd4 Rg8 33. Kh1 Kb7
34. Nf3 Rb5 35. b4 Rc8 36. Rea1 a5 37. bxa5 bxa5 38. Rxa5 Rxa5 39. Rxa5 Rxc3
40. Kh2 Re3 41. Kg3 Kb6 42. Ra8 Bxe5+ 43. Kf2 Re4 44. Nxe5 Rxe5 45. Rh8 f4 46.
Kf3 Rf5 47. Rh6 Kc5 48. Rxe6 Kd5 49. Re4 Re5 50. Rxf4 Ke6 51. g4 hxg4+ 52. Kxg4
Re1 53. Kh5 Rg1 54. Kh6 Ke7 55. h5 Rg2 56. Kh7 Rg1 57. Ra4 Kf6 58. Ra6+ Kf7 59.
h6 Rg2 60. Ra7+ Kf8 61. Rg7 Rh2 62. Rg4 Kf7 63. Rf4+ Ke7 64. Rf5 Rg2 1/2-1/2

[Event "I Festival Terra degli Elimi"]
[Site "Erice ITA"]
[Date "2010.07.29"]
[Round "2"]
[White "Piazza, Dario"]
[Black "Ferro, Ferruccio"]
[Result "1-0"]
[WhiteElo "1662"]
[BlackElo "1522"]
[PlyCount "59"]
[EventDate "2010.07.28"]

1. e4 e5 2. Nf3 Nc6 3. d4 exd4 4. Nxd4 Nxd4 5. Qxd4 Qf6 6. e5 Qe7 7. Be2 Qb4+
8. Qxb4 Bxb4+ 9. c3 Bc5 10. Nd2 d5 11. exd6 Bxd6 12. Nc4 Be7 13. Bf4 Be6 14.
Bxc7 Rc8 15. Nd6+ Bxd6 16. Bxd6 Rd8 17. Bb4 a6 18. b3 Ne7 19. Bxe7 Kxe7 20. O-O
Rd2 21. Bf3 b6 22. Rfe1 Rhd8 23. Red1 Bf5 24. Kf1 Bc2 25. Rxd2 Rxd2 26. Ke1 Rd3
27. Rc1 Rxc3 28. Kd2 Rxf3 29. gxf3 Bg6 30. Rc6 1-0